International economics

Contents: International trade relations; international monetary relations

में बचाया:
ग्रंथसूची विवरण
मुख्य लेखक: Carbaugh, Robert J.
स्वरूप: पुस्तक
भाषा:Undetermined
प्रकाशित: Australia Thomson 2008
विषय:
टैग : टैग जोड़ें
कोई टैग नहीं, इस रिकॉर्ड को टैग करने वाले पहले व्यक्ति बनें!
Thư viện lưu trữ: Trung tâm Học liệu Trường Đại học Cần Thơ
LEADER 00685nam a2200193Ia 4500
001 CTU_153517
008 210402s9999 xx 000 0 und d
082 |a 337 
082 |b C263 
100 |a Carbaugh, Robert J. 
245 0 |a International economics 
245 0 |c Robert J. Carbaugh 
260 |a Australia 
260 |b Thomson 
260 |c 2008 
520 |a Contents: International trade relations; international monetary relations 
650 |a International economic relations,International trade,International finance,Tài chính quốc tế,Quan hệ kinh tế quốc tế 
904 |i Tuyến 
980 |a Trung tâm Học liệu Trường Đại học Cần Thơ